COMESA-EAC-SADC Climate Change Programmes: (Record no. 1200)

MARC details
000 -LEADER
fixed length control field 00644nam a22002297a 4500
005 - DATE AND TIME OF LATEST TRANSACTION
control field 20240514064356.0
008 - FIXED-LENGTH DATA ELEMENTS--GENERAL INFORMATION
fixed length control field 240514b |||||||| |||| 00| 0 eng d
040 ## - CATALOGING SOURCE
Original cataloging agency KMU
Transcribing agency KMU
Modifying agency KMU
Description conventions rda
100 ## - MAIN ENTRY--PERSONAL NAME
Personal name COMESA
245 ## - TITLE STATEMENT
Title COMESA-EAC-SADC Climate Change Programmes:
Remainder of title African Position on Climate Change
Statement of responsibility, etc. COMESA,JUMUYA YA AFRIKA MASHARIK and SADC
260 ## - PUBLICATION, DISTRIBUTION, ETC.
Name of publisher, distributor, etc. COMESA
Date of publication, distribution, etc. 2013.
300 ## - PHYSICAL DESCRIPTION
Extent 48 P.:
Dimensions 19 cm
520 ## - SUMMARY, ETC.
Summary, etc. Includes summary, background and origin of UNFCCC
650 ## - SUBJECT ADDED ENTRY--TOPICAL TERM
Topical term or geographic name entry element SADC
650 ## - SUBJECT ADDED ENTRY--TOPICAL TERM
Topical term or geographic name entry element EAC
650 ## - SUBJECT ADDED ENTRY--TOPICAL TERM
Topical term or geographic name entry element COMESA
650 ## - SUBJECT ADDED ENTRY--TOPICAL TERM
Topical term or geographic name entry element Africa
650 ## - SUBJECT ADDED ENTRY--TOPICAL TERM
Topical term or geographic name entry element Climate Change
700 ## - ADDED ENTRY--PERSONAL NAME
Personal name EAC
700 ## - ADDED ENTRY--PERSONAL NAME
Personal name SADC
942 ## - ADDED ENTRY ELEMENTS (KOHA)
Source of classification or shelving scheme Library of Congress Classification
Koha item type Serials
Suppress in OPAC No
Holdings
Withdrawn status Lost status Damaged status Not for loan Collection Home library Current library Shelving location Date acquired Source of acquisition Total Checkouts Full call number Barcode Date last seen Price effective from Koha item type
        Non-fiction Kapasa Makasa University Kapasa Makasa University Special Collection 14.05.2024 CBU   COMESA(02)2013/4G B3535 14.05.2024 14.05.2024 Serials
        Non-fiction Kapasa Makasa University Kapasa Makasa University Special Collection 14.05.2024 CBU   COMESA(02)2013/4F B3534 14.05.2024 14.05.2024 Serials
        Non-fiction Kapasa Makasa University Kapasa Makasa University Special Collection 14.05.2024 CBU   COMESA(02)2013/4E B3533 14.05.2024 14.05.2024 Serials
        Non-fiction Kapasa Makasa University Kapasa Makasa University Special Collection 14.05.2024 CBU   COMESA(02)2013/4H B3536 14.05.2024 14.05.2024 Serials